|
|
|
|
| LEADER |
01148nam a2200301 a 4500 |
| 001 |
1655516 |
| 003 |
BD-DhAAL |
| 005 |
20230608125937.0 |
| 008 |
090715r20001998 enk b 001 0 eng d |
| 010 |
|
|
|a 97045904
|
| 020 |
|
|
|a 0415142342 (hbk)
|
| 020 |
|
|
|a 0415157900 (pbk.)
|
| 040 |
|
|
|a DLC
|c DLC
|d DLC
|d BD-DhAAL
|
| 082 |
0 |
0 |
|a 305.42
|2 21
|
| 245 |
0 |
0 |
|a Feminist visions of development :
|b gender analysis and policy /
|c edited by Cecile Jackson and Ruth Pearson.
|
| 260 |
|
|
|a London ;
|a New York :
|b Routledge,
|c c2000. [Reprinted]
|
| 300 |
|
|
|a ix, 294 pages ;
|c 24 cm.
|
| 504 |
|
|
|a Includes bibliographical references and index.
|
| 541 |
1 |
|
|e 00018824
|
| 650 |
|
0 |
|a Women in development.
|
| 650 |
|
0 |
|a Sex role
|z Developing countries.
|
| 650 |
|
0 |
|a Feminism
|z Developing countries.
|9 4440
|
| 700 |
1 |
|
|a Jackson, Cecile.
|9 54558
|
| 700 |
1 |
|
|a Pearson, Ruth,
|d 1945-
|9 54559
|
| 852 |
4 |
|
|a Ayesha Abed Library
|j General shelf
|
| 942 |
|
|
|2 ddc
|c BK
|
| 999 |
|
|
|c 2480
|d 2480
|
| 952 |
|
|
|0 0
|1 0
|2 ddc
|4 0
|6 305_420000000000000_FEM
|7 0
|9 2295
|a BIGD
|b BIGD
|c GEN
|d 2009-07-15
|e BDI
|l 0
|o 305.42 FEM
|p 3050018824
|r 2009-07-16
|t 1
|w 2009-07-16
|y BK
|x Transfer from BDI to BIGD.
|